| 000 | 00576nam a2200169 a 4500 | ||
|---|---|---|---|
| 001 | 000030386 | ||
| 005 | 20200930062302.0 | ||
| 008 | 110516s1998 dr 000 0 spa d | ||
| 040 |
_aDO-SdBNP _bspa _cBNPHU |
||
| 082 |
_axxx _bP957b |
||
| 245 | 0 | 1 | _aPrincipios básicos relativos a la independencia de la judicatura. |
| 260 |
_aSanto Domingo : _bComisionado de Apoyo a la reforma y Modernización de la Justica, _c1998. _fEditora Lozano |
||
| 300 |
_a11 p. ; _c22 cm. |
||
| 490 | 1 |
_aCadernos de la reformas _v3 |
|
| 830 | 0 |
_aCadernos de la reformas ; _v3 _957023 |
|
| 049 | _aBNPD | ||
| 999 |
_c29878 _d29878 |
||